| 000 | 01124nam0a22003371 4500 | ||
|---|---|---|---|
| 001 | v19\rc\1826453 | ||
| 005 | 20071224115947.1 | ||
| 035 | _a(NLR Aleph) 004923183 | ||
| 090 |
_a5600124 _c5600124 |
||
| 100 | _a20071224d1907 |||y0rusy50 ca | ||
| 101 | 1 |
_arus _cger |
|
| 102 | _aRU | ||
| 105 | _ay z ||||| | ||
| 200 | 1 |
_aПарламентаризм _fШоффель _gПер. с нем. Надежды Памирской _gПод ред., со введ. и примеч. Юрия Бартенева |
|
| 210 |
_aМосква _cЕ.А. Боголепова _d1907 |
||
| 215 |
_a31 с. _d22 |
||
| 700 | 1 |
_aШоффель _bИ. _gИозеф |
|
| 702 | 1 |
_aБартенев _bЮ. П. _f1866-1908 _gЮрий Петрович _4340 _4080 _4212 |
|
| 702 | 1 |
_aПамирская _bН. _gНадежда _4730 |
|
| 801 | 0 |
_aRU _bNLR _gpsbo |
|
| 801 | 0 |
_aRU _bRuMoRGB _2psbo |
|
| 801 | 1 |
_aRU _bProSoft-M _2rusmarc |
|
| 852 |
_aNLR _j34.84.5.1219 |
||
| 899 |
_aRuMoRGB _jM 79/32 |
||
| 899 |
_aRuMoRGB _jU 126/1992 |
||
| 899 | _aБАН | ||
| 899 | _aНБ СПбГУ | ||
| 899 | _aГПИБ | ||
| 899 | _aНБ МГУ | ||
| 942 | _cBOOK | ||
| 980 | _aNB | ||